000 00733nam a22002537a 4500
003 CHAP
005 20220329140639.0
008 971013s1964 r 00010 d
010 _a55314
011 _a56286
035 _a60439
040 _cCHAP
082 _a631.84
_bS38
100 0 0 _aSauchelli, Vincent.
_9102737
245 _aFertilizer nitrogen
_b: its chemistry and technology
260 _aNew York :
_bReinhold,
_c1964
300 _a424 p.
590 _aBATCH-UPD
_b10
_c20130110
_lUCH01
_h2103
590 _aCONVERSION
_b10
_c20130109
_lUCH01
_h1330
650 1 4 _aFertilizantes nitrogenados.
_940596
901 _aBK
942 _cLIBRO
949 _a631.84 S38
_bBC
_cLIBRO
_d33724000172748
_eLIBRO
_h22325
_i60439
_si
_t218.75
999 _c55314
_d55314